000 00752nam a2200253Ia 4500
003 OSt
005 20260217150116.0
008 210210b2018 xxu||||| |||| 00| 0 eng d
020 _a9788170286899
040 _cAL
041 _ahindi
082 _aH491.3 ALIV
100 _aALI (Saiyad Asad) Ed
_dअली (सैयद असद)
_9255304
245 _aVyavaharik vurdu hindi shabdkosh
_bव्यावहारिक उर्दू - हिंदी शब्दकोश
260 _aDilli
_bRajpal Sons.,
_c2018
300 _a277
650 _aVyavaharik
_9255305
650 _avurdu
_9255306
650 _ashabdkosh
_9255307
650 _ahindi
_9255308
690 _aHindi Dictionary
_9255309
906 _a072528
942 _2ddc
_cBK
999 _c122364
_d122364